[Event "V. Korchnoi Memorial 2019"]
[Site "St. Petersburg"]
[Date "2019.08.20"]
[Round "7.3"]
[White "Zvjaginsev, Vadim"]
[Black "Yeletsky, Ivan"]
[Result "1-0"]
[WhiteElo "2639"]
[BlackElo "2447"]
[Annotator "TA"]
[PlyCount "63"]
[EventDate "2019.08.13"]
[EventType "swiss"]
[EventCountry "RUS"]
[SourceTitle "playchess.com"]
[Source "ChessBase"]
[SourceQuality "1"]

{[%evp 15,63,-6,16,2,55,55,47,56,39,49,78,64,60,60,73,68,75,46,47,34,42,31,33,41,56,31,90,86,82,74,82,85,130,0,55,15,130,119,100,78,169,157,190,135,152,135,568,562,804,793]} 1. c4 Nf6 2. Nc3 e5 3. Nf3 Nc6 4. a3 g6 5. g3 Bg7 6. Bg2 O-O 7. O-O d6 8. d3 h6 9. b4 {[%cal Bb2b4,Bb4b5][%mdl 32] A26: English Opening vs King's Indian with ...Nc6 and d3} (9. Nd2 Ne7 10. b4 c6 11. e4 Be6 12. Bb2 Rc8 13. Ne2 Qd7 14. d4 Rfd8 15. Qc2 Bh3 16. Rad1 Bxg2 17. Kxg2 exd4 18. Bxd4 {1-0 (55) Topalov,V (2761)-Aronian,L (2792) Leuven 2016}) 9... e4 (9... Nd4 $11) 10. dxe4 $14 Nxe4 11. Nxe4 {White is slightly better.} Bxa1 12. b5 Ne5 13. Bxh6 Nxf3+ 14. Bxf3 Bg7 {[#]} 15. Bg5 $1 {[%cal Rg5d8][%mdl 1024] White has strong compensation.} f6 16. Qd5+ $146 ({Predecessor:} 16. Be3 Kh7 {1-0 (37) Schuster,P (2459)-Muzyka,N (2479) ICCF email 2008}) 16... Kh7 17. Bf4 Bh3 18. Rd1 b6 19. g4 Qd7 20. g5 $1 {[%cal Rg5f6]} f5 {[#]} ({Black should play} 20... Be6 $14 21. Qd4 fxg5 22. Nxg5+ {[%mdl 64] Discovered Attack} Kh8) 21. Nf6+ $1 $16 {[%mdl 512]} Bxf6 22. gxf6 Rae8 {[#]} 23. Rd4 $1 $36 {[%cal Rf4d6][%mdl 2048] Strongly threatening Bxd6! White is on the roll.} Bg4 24. Bg5 (24. Bxg4 $16 {aiming for Bf3.} fxg4 25. Qg5) 24... Qe6 (24... Rf7 $11) 25. e3 Qxd5 (25... Bxf3 $1 $11 {remains equal.} 26. Qxf3 Rh8) 26. Bxd5 Re5 {[#]} 27. h3 $1 {[%mdl 512]} Bh5 (27... Be2 $16) (27... Bxh3 28. Rh4#) 28. Kg2 $18 Rfe8 29. Kg3 (29. Rd2 $18) 29... Be2 30. f3 {[%cal Rd4h4]} Rxd5 $2 {[%mdl 8192]} (30... f4+ $16 {is a better chance.} 31. Bxf4 Rxd5 32. cxd5 Bxb5) 31. cxd5 Kg8 32. a4 {Accuracy: White = 67%, Black = 30%.} 1-0

[Event "V. Korchnoi Memorial 2019"]
[Site "St. Petersburg"]
[Date "2019.08.20"]
[Round "7.4"]
[White "Hamitevici, Vladimir"]
[Black "Gareyev, Timur"]
[Result "1/2-1/2"]
[WhiteElo "2480"]
[BlackElo "2600"]
[Annotator "TA"]
[PlyCount "80"]
[EventDate "2019.08.13"]
[EventType "swiss"]
[EventCountry "RUS"]
[SourceTitle "playchess.com"]
[Source "ChessBase"]
[SourceQuality "1"]

{[%evp 9,80,16,28,28,21,23,54,5,12,0,12,4,6,1,13,0,13,0,0,0,0,-8,-10,-20,-10,-20,0,0,0,0,0,0,0,0,0,0,0,0,8,0,0,0,0,0,0,0,0,0,0,0,0,0,0,0,0,0,0,0,0,0,0,0,0,0,0,0,0,0,0,0,0,0,0]} 1. Nf3 e6 2. g3 b5 3. Bg2 Bb7 4. O-O c5 5. d3 d6 6. e4 {A04: Unusual lines after 1 Nf3 and King's Indian Attack} Be7 (6... Nf6 7. a4 b4 8. Nbd2 Nc6 9. Nc4 Qc7 10. Re1 Be7 11. a5 Rd8 12. a6 Ba8 13. Bf4 O-O 14. e5 dxe5 15. Nfxe5 Qc8 16. Nxc6 Bxc6 17. Bxc6 Qxc6 {0-1 (53) Naiditsch,A (2705)-Fedorchuk,S (2648) Riadh 2017}) 7. Re1 Nc6 8. Nbd2 {White is slightly better.} Nf6 {The position is equal.} 9. e5 dxe5 $146 ({Predecessor:} 9... Nxe5 10. Nxe5 Bxg2 11. Nxf7 Bc6 12. Nxd8 Rxd8 13. Rxe6 Kd7 14. Re1 h5 15. Qe2 {1-0 (24) McGarity,M (1375)-Ng,D (1464) Canberra 2007}) 10. Nxe5 Rc8 11. a4 (11. b3 {is interesting.} Nd5 12. Bb2 O-O 13. Ndf3 Bf6 14. Nxc6 Bxc6 15. Ne5) 11... a6 12. axb5 (12. b3 {seems wilder.} O-O 13. Bb2 Nd5 14. Nxc6 Bxc6 15. axb5 axb5 16. Ne4) 12... axb5 13. Nxc6 (13. b3 {keeps more tension.} O-O 14. Nxc6 Bxc6 15. Bxc6 Rxc6 16. Bb2) 13... Bxc6 14. Bxc6+ Rxc6 15. Qf3 Nd5 16. Ne4 O-O 17. Bd2 c4 18. Nc3 Bf6 19. Nxd5 Qxd5 20. Qxd5 exd5 21. Bb4 Rb8 22. c3 d4 23. dxc4 Rxc4 {[%cal Rd4c3]} 24. Bd6 (24. b3 {looks sharper.} Rcc8 25. cxd4 Bxd4 26. Rac1 Bf6 27. Red1) 24... Rbc8 25. Be5 dxc3 26. bxc3 Bxe5 27. Rxe5 Rxc3 28. Rxb5 Rc1+ 29. Rxc1 Rxc1+ $11 {[%mdl 4096] Endgame KR-KR} 30. Kg2 {[#] Rb8+ would kill now.} g6 31. Rb8+ Kg7 32. Ra8 h5 33. h4 Rc7 34. Ra2 Rb7 35. Rc2 Ra7 36. Rd2 Rb7 37. Re2 Rc7 38. Ra2 Rd7 39. Rb2 Ra7 40. Rc2 Rb7 {Accuracy: White = 73%, Black = 77%.} 1/2-1/2

[Event "V. Korchnoi Memorial 2019"]
[Site "St. Petersburg"]
[Date "2019.08.20"]
[Round "7.5"]
[White "Mokshanov, Alexey"]
[Black "Lintchevski, Daniil"]
[Result "1/2-1/2"]
[WhiteElo "2447"]
[BlackElo "2538"]
[Annotator "ChessBase"]
[PlyCount "120"]
[EventDate "2019.08.13"]
[EventType "swiss"]
[EventCountry "RUS"]
[SourceTitle "playchess.com"]
[Source "ChessBase"]
[SourceQuality "1"]
[TimeControl "5400+30"]

1. e4 {[%emt 0:00:00]} c5 {[%emt 0:00:00]} 2. Nf3 {[%emt 0:00:00]} Nc6 {[%emt 0:00:00]} 3. Bb5 {[%emt 0:00:00]} g6 {[%emt 0:00:45]} 4. Bxc6 {[%emt 0:00:09]} bxc6 {[%emt 0:00:08]} 5. O-O {[%emt 0:00:08]} Bg7 {[%emt 0:00:03]} 6. Re1 {[%emt 0:00:45]} Nf6 {[%emt 0:00:08]} 7. e5 {[%emt 0:03:37]} Nd5 {[%emt 0:00:05]} 8. c4 {[%emt 0:00:33]} Nc7 {[%emt 0:00:04]} 9. d4 {[%emt 0:00:17]} cxd4 {[%emt 0:00:09]} 10. Qxd4 {[%emt 0:00:11]} Ne6 {[%emt 0:00:06]} 11. Qh4 {[%emt 0:00:42]} d6 {[%emt 0:00:17]} 12. exd6 {[%emt 0:07:47]} Qxd6 {[%emt 0:00:08]} 13. Nc3 {[%emt 0:00:44]} h5 {[%emt 0:00:11]} 14. Bd2 {[%emt 0:08:49]} O-O {[%emt 0:00:14]} 15. Ne4 {[%emt 0:02:08]} Qc7 {[%emt 0:00:05]} 16. Bc3 {[%emt 0:03:24]} f6 {[%emt 0:00:01]} 17. Qg3 {[%emt 0:07:53]} Qxg3 {[%emt 0:01:18]} 18. hxg3 {[%emt 0:02:14]} Rd8 {[%emt 0:00:02]} 19. Rad1 {[%emt 0:13:56]} Rxd1 {[%emt 0:03:51]} 20. Rxd1 {[%emt 0:00:06]} c5 {[%emt 0:02:33]} 21. Re1 {[%emt 0:06:55]} Kf7 {[%emt 0:05:04]} 22. Nfd2 {[%emt 0:05:17]} Ba6 {[%emt 0:18:03]} 23. f3 {[%emt 0:16:03]} Bh6 {[%emt 0:07:31]} 24. b3 {[%emt 0:03:36]} Rd8 {[%emt 0:05:12]} 25. Nf1 {[%emt 0:01:56]} Bb7 {[%emt 0:02:52]} 26. Bb2 {[%emt 0:01:42]} f5 {[%emt 0:08:07]} 27. Nc3 {[%emt 0:01:23]} Bc6 {[%emt 0:01:10]} 28. Rd1 {[%emt 0:01:40]} Nd4 {[%emt 0:04:22]} 29. Ba3 {[%emt 0:02:44]} Rd7 {[%emt 0:05:11]} 30. Kf2 {[%emt 0:02:45]} Ne6 {[%emt 0:00:01]} 31. Rxd7 {[%emt 0:00:20]} Bxd7 {[%emt 0:00:00]} 32. Ne3 {[%emt 0:02:08]} Bg7 {[%emt 0:00:54]} 33. Ned5 {[%emt 0:01:07]} Nd8 {[%emt 0:04:55]} 34. Ne2 {[%emt 0:00:57]} Nb7 {[%emt 0:01:54]} 35. Ndf4 {[%emt 0:00:48]} Be5 {[%emt 0:02:09]} 36. Nd3 {[%emt 0:00:53]} Bd6 {[%emt 0:00:00]} 37. Bb2 {[%emt 0:00:42]} g5 {[%emt 0:02:01]} 38. Ne5+ {[%emt 0:02:36]} Ke6 {[%emt 0:00:01]} 39. Nxd7 Kxd7 {[%emt 0:00:01]} 40. Bc1 {[%emt 0:00:52]} g4 {[%emt 0:00:01]} 41. Nf4 {[%emt 0:00:30]} Bxf4 {[%emt 0:00:13]} 42. Bxf4 {[%emt 0:00:03]} Na5 {[%emt 0:00:39]} 43. Be3 {[%emt 0:00:29]} Kd6 {[%emt 0:00:58]} 44. Bf4+ {[%emt 0:00:00]} Kd7 {[%emt 0:02:56]} 45. Be3 {[%emt 0:00:05]} Nb7 {[%emt 0:00:06]} 46. Ke2 {[%emt 0:00:59]} Kd6 {[%emt 0:01:01]} 47. Bh6 {[%emt 0:00:59]} Nd8 {[%emt 0:00:29]} 48. Ke3 {[%emt 0:00:54]} Ne6 {[%emt 0:00:36]} 49. Bf4+ {[%emt 0:00:44]} Kc6 {[%emt 0:05:40]} 50. Be5 {[%emt 0:00:08]} a6 {[%emt 0:00:19]} 51. Kd3 {[%emt 0:01:06]} gxf3 {[%emt 0:02:31]} 52. gxf3 {[%emt 0:00:00]} f4 {[%emt 0:00:07]} 53. g4 {[%emt 0:01:12]} h4 {[%emt 0:00:20]} 54. Ke2 {[%emt 0:00:06]} Kd7 {[%emt 0:01:52]} 55. Kf2 {[%emt 0:00:18]} h3 {[%emt 0:00:01]} 56. Bb8 {[%emt 0:01:15]} Ke8 {[%emt 0:02:26]} 57. Kg1 {[%emt 0:01:08]} Nd4 {[%emt 0:00:04]} 58. Kh2 {[%emt 0:00:13]} Nxf3+ {[%emt 0:01:05]} 59. Kxh3 {[%emt 0:00:00]} e5 {[%emt 0:03:00]} 60. Kg2 {[%emt 0:00:03]} Ne1+ {[%emt 0:01:33]} 1/2-1/2

[Event "V. Korchnoi Memorial 2019"]
[Site "St. Petersburg"]
[Date "2019.08.20"]
[Round "7.6"]
[White "Borisovsky, Dmitry"]
[Black "Iljiushenok, Ilia"]
[Result "0-1"]
[WhiteElo "2326"]
[BlackElo "2533"]
[Annotator "ChessBase"]
[PlyCount "48"]
[EventDate "2019.08.13"]
[EventType "swiss"]
[EventCountry "RUS"]
[SourceTitle "playchess.com"]
[Source "ChessBase"]
[SourceQuality "1"]
[TimeControl "5400+30"]

1. e4 {[%emt 1:30:30]} c5 {[%emt 1:30:30]} 2. Nf3 {[%emt 0:00:30]} d6 {[%emt 0:00:30]} 3. d4 {[%emt 0:00:30]} cxd4 {[%emt 0:00:30]} 4. Nxd4 {[%emt 0:00:30]} Nf6 {[%emt 0:00:30]} 5. Nc3 {[%emt 0:00:30]} a6 {[%emt 0:00:30]} 6. f3 {[%emt 0:00:30]} e5 {[%emt 0:00:30]} 7. Nb3 {[%emt 0:00:30]} Be6 {[%emt 0:00:30]} 8. Be3 {[%emt 0:00:30]} Nbd7 {[%emt 0:00:30]} 9. Qd2 {[%emt 0:00:30]} b5 {[%emt 0:00:30]} 10. g4 {[%emt 0:00:30]} b4 {[%emt 0:00:30]} 11. Nd5 {[%emt 0:00:30]} Bxd5 {[%emt 0:00:30]} 12. exd5 {[%emt 0:00:30]} Nb6 {[%emt 0:00:30]} 13. Na5 {[%emt 0:00:30]} Nbxd5 {[%emt 0:00:30]} 14. Nc4 {[%emt 0:00:30]} Nxe3 {[%emt 0:00:30]} 15. Nxe3 {[%emt 0:00:30]} d5 {[%emt 0:00:30]} 16. g5 {[%emt 0:00:30]} d4 {[%emt 0:00:30]} 17. Nc4 {[%emt 0:00:30]} Nd5 {[%emt 0:00:30]} 18. Nxe5 {[%emt 0:00:30]} Ne3 {[%emt 0:00:30]} 19. f4 {[%emt 0:00:30]} Bd6 {[%emt 0:00:30]} 20. Bg2 {[%emt 0:00:30]} Rc8 {[%emt 0:00:30]} 21. Bc6+ {[%emt 0:00:30]} Rxc6 {[%emt 0:00:30]} 22. Nxc6 {[%emt 0:00:30]} Qa8 {[%emt 0:00:30]} 23. Kf2 {[%emt 0:00:30]} Qxc6 {[%emt 0:00:30]} 24. Qxd4 {[%emt 0:00:30]} O-O {[%emt 0:00:30]} 0-1

[Event "V. Korchnoi Memorial 2019"]
[Site "St. Petersburg"]
[Date "2019.08.20"]
[Round "7.7"]
[White "Vokhidov, Shamsiddin"]
[Black "Gasanov, Eldar"]
[Result "1-0"]
[WhiteElo "2512"]
[BlackElo "2475"]
[Annotator "ChessBase"]
[PlyCount "137"]
[EventDate "2019.08.13"]
[EventType "swiss"]
[EventCountry "RUS"]
[SourceTitle "playchess.com"]
[Source "ChessBase"]
[SourceQuality "1"]
[TimeControl "5400+30"]

1. e4 {[%emt 0:00:00]} c5 {[%emt 0:00:00]} 2. Nf3 {[%emt 0:00:00]} Nf6 {[%emt 0:00:24]} 3. Nc3 {[%emt 0:04:36]} d5 {[%emt 0:00:18]} 4. Bb5+ {[%emt 0:05:42]} Bd7 {[%emt 0:00:44]} 5. e5 {[%emt 0:00:31]} Bxb5 {[%emt 0:00:48]} 6. Nxb5 {[%emt 0:00:14]} Qd7 {[%emt 0:02:05]} 7. Qe2 {[%emt 0:17:05]} a6 {[%emt 0:02:22]} 8. exf6 {[%emt 0:00:57]} Qxb5 {[%emt 0:02:35]} 9. Qe5 {[%emt 0:00:14]} gxf6 {[%emt 0:05:14]} 10. Qxd5 {[%emt 0:00:06]} Rg8 {[%emt 0:06:33]} 11. g3 {[%emt 0:02:17]} Qc6 {[%emt 0:07:45]} 12. Qxc6+ {[%emt 0:01:50]} Nxc6 {[%emt 0:00:05]} 13. d3 {[%emt 0:01:50]} Nb4 {[%emt 0:10:06]} 14. Kd1 {[%emt 0:01:03]} O-O-O {[%emt 0:03:42]} 15. a3 {[%emt 0:02:34]} Nc6 {[%emt 0:06:41]} 16. Be3 {[%emt 0:01:18]} c4 {[%emt 0:04:29]} 17. Ke2 {[%emt 0:00:08]} cxd3+ {[%emt 0:00:43]} 18. cxd3 {[%emt 0:00:02]} e6 {[%emt 0:01:07]} 19. Rac1 {[%emt 0:00:09]} Kb8 {[%emt 0:07:04]} 20. Rc4 {[%emt 0:00:10]} Rd5 {[%emt 0:00:46]} 21. Rhc1 {[%emt 0:04:34]} Be7 {[%emt 0:01:54]} 22. Bc5 {[%emt 0:08:58]} Rgd8 {[%emt 0:06:38]} 23. Bxe7 {[%emt 0:01:30]} Nxe7 {[%emt 0:00:05]} 24. Rc7 {[%emt 0:01:05]} R8d7 {[%emt 0:01:13]} 25. Rxd7 {[%emt 0:00:07]} Rxd7 {[%emt 0:00:03]} 26. Rc4 {[%emt 0:00:26]} Rd5 {[%emt 0:02:50]} 27. Nd2 {[%emt 0:01:38]} Rb5 {[%emt 0:04:35]} 28. b4 {[%emt 0:00:49]} Re5+ {[%emt 0:07:40]} 29. Ne4 {[%emt 0:02:56]} Ng8 {[%emt 0:02:14]} 30. Kd2 {[%emt 0:01:26]} Rd5 {[%emt 0:00:36]} 31. Nc3 {[%emt 0:00:36]} Rf5 {[%emt 0:02:05]} 32. Ne4 {[%emt 0:02:04]} Rd5 {[%emt 0:01:09]} 33. a4 {[%emt 0:03:18]} b6 {[%emt 0:01:51]} 34. Nc3 {[%emt 0:03:29]} Rh5 {[%emt 0:01:34]} 35. h4 {[%emt 0:00:24]} f5 {[%emt 0:02:35]} 36. b5 {[%emt 0:00:49]} a5 {[%emt 0:01:12]} 37. Ne2 {[%emt 0:00:13]} Ne7 {[%emt 0:00:18]} 38. Nf4 {[%emt 0:00:20]} Rh6 {[%emt 0:00:01]} 39. d4 {[%emt 0:00:23]} Kb7 {[%emt 0:01:17]} 40. Ke3 {[%emt 0:02:00]} Rf6 {[%emt 0:01:44]} 41. Rc2 {[%emt 0:00:07]} Rh6 {[%emt 0:00:50]} 42. Rc1 {[%emt 0:03:11]} Rf6 {[%emt 0:00:15]} 43. Kf3 {[%emt 0:03:01]} Rh6 {[%emt 0:00:09]} 44. Ke2 {[%emt 0:01:08]} Rf6 {[%emt 0:00:33]} 45. Ke3 {[%emt 0:00:06]} Rh6 {[%emt 0:00:23]} 46. f3 {[%emt 0:00:22]} Kb8 {[%emt 0:00:37]} 47. h5 {[%emt 0:00:54]} Rf6 {[%emt 0:00:38]} 48. g4 {[%emt 0:01:23]} h6 {[%emt 0:01:21]} 49. Rc2 {[%emt 0:00:39]} Kb7 {[%emt 0:00:20]} 50. Rg2 {[%emt 0:00:42]} fxg4 {[%emt 0:00:17]} 51. fxg4 {[%emt 0:00:05]} Kc7 {[%emt 0:00:23]} 52. Ke4 {[%emt 0:00:29]} Nd5 {[%emt 0:02:18]} 53. Nxd5+ {[%emt 0:00:17]} exd5+ {[%emt 0:00:01]} 54. Kxd5 {[%emt 0:00:08]} Kd7 {[%emt 0:00:28]} 55. Rc2 {[%emt 0:01:11]} Rf4 {[%emt 0:02:01]} 56. Rc6 {[%emt 0:00:25]} Rxg4 {[%emt 0:00:09]} 57. Rxh6 {[%emt 0:00:52]} Rg5+ {[%emt 0:00:13]} 58. Kc4 {[%emt 0:00:28]} Kc7 {[%emt 0:00:09]} 59. Rc6+ {[%emt 0:00:08]} Kb7 {[%emt 0:00:03]} 60. h6 {[%emt 0:00:06]} Rf5 {[%emt 0:00:33]} 61. Kd3 {[%emt 0:00:21]} Rf4 {[%emt 0:00:29]} 62. Ke3 {[%emt 0:00:10]} Rf1 {[%emt 0:00:50]} 63. d5 {[%emt 0:00:15]} Rh1 {[%emt 0:00:42]} 64. Kf4 {[%emt 0:00:06]} Rh5 {[%emt 0:00:12]} 65. Ke4 {[%emt 0:00:29]} Rh4+ {[%emt 0:00:29]} 66. Kf5 {[%emt 0:01:31]} Rh5+ {[%emt 0:00:44]} 67. Kg4 {[%emt 0:00:07]} Rxd5 {[%emt 0:01:14]} 68. h7 {[%emt 0:00:19]} Rd8 {[%emt 0:00:04]} 69. Kg5 {[%emt 0:00:14]} 1-0

[Event "V. Korchnoi Memorial 2019"]
[Site "St. Petersburg"]
[Date "2019.08.20"]
[Round "7.8"]
[White "Samusenko, Maksim"]
[Black "Goganov, Aleksey"]
[Result "1/2-1/2"]
[WhiteElo "2438"]
[BlackElo "2564"]
[Annotator "ChessBase"]
[PlyCount "74"]
[EventDate "2019.08.13"]
[EventType "swiss"]
[EventCountry "RUS"]
[SourceTitle "playchess.com"]
[Source "ChessBase"]
[SourceQuality "1"]
[TimeControl "5400+30"]

1. e4 {[%emt 0:00:00]} c5 {[%emt 0:00:03]} 2. Nf3 {[%emt 0:00:00]} e6 {[%emt 0:00:17]} 3. g3 {[%emt 0:01:02]} Nc6 {[%emt 0:00:06]} 4. Bg2 {[%emt 0:00:12]} Nf6 {[%emt 0:00:13]} 5. Qe2 {[%emt 0:00:20]} d5 {[%emt 0:00:48]} 6. exd5 {[%emt 0:00:36]} Nxd5 {[%emt 0:00:08]} 7. O-O {[%emt 0:01:00]} Be7 {[%emt 0:00:15]} 8. Rd1 {[%emt 0:01:57]} Qb6 {[%emt 0:01:37]} 9. Na3 {[%emt 0:17:29]} O-O {[%emt 0:00:36]} 10. Nc4 {[%emt 0:01:13]} Qc7 {[%emt 0:04:23]} 11. d4 {[%emt 0:03:44]} cxd4 {[%emt 0:14:18]} 12. Nxd4 {[%emt 0:00:17]} Nxd4 {[%emt 0:00:05]} 13. Rxd4 {[%emt 0:00:05]} Bf6 {[%emt 0:00:21]} 14. Rd1 {[%emt 0:05:56]} Bd7 {[%emt 0:00:43]} 15. Ne3 {[%emt 0:07:00]} Nxe3 {[%emt 0:01:26]} 16. Bxe3 {[%emt 0:00:08]} Bc6 {[%emt 0:00:10]} 17. c4 {[%emt 0:01:38]} Bxg2 {[%emt 0:05:11]} 18. Kxg2 {[%emt 0:00:05]} Qc6+ {[%emt 0:00:05]} 19. Kg1 {[%emt 0:00:22]} a6 {[%emt 0:00:51]} 20. Rac1 {[%emt 0:05:34]} Rfd8 {[%emt 0:00:43]} 21. b3 {[%emt 0:02:31]} Qe4 {[%emt 0:10:21]} 22. Rxd8+ {[%emt 0:05:20]} Rxd8 {[%emt 0:02:34]} 23. Rd1 {[%emt 0:00:07]} Rxd1+ {[%emt 0:00:07]} 24. Qxd1 {[%emt 0:00:03]} g6 {[%emt 0:01:05]} 25. Qd7 {[%emt 0:02:50]} Qb1+ {[%emt 0:00:08]} 26. Kg2 {[%emt 0:00:04]} Qe4+ {[%emt 0:00:05]} 27. Kg1 {[%emt 0:00:04]} Kg7 {[%emt 0:01:42]} 28. h4 {[%emt 0:01:51]} h5 {[%emt 0:00:19]} 29. Qc8 {[%emt 0:07:40]} Be5 {[%emt 0:01:42]} 30. Bc5 {[%emt 0:01:12]} Kh7 {[%emt 0:00:56]} 31. Qd7 {[%emt 0:03:46]} Kg7 {[%emt 0:03:54]} 32. Qc8 {[%emt 0:01:22]} Qf3 {[%emt 0:00:58]} 33. Qd8 {[%emt 0:00:58]} Kh7 {[%emt 0:01:57]} 34. Qg5 {[%emt 0:06:45]} Bc3 {[%emt 0:03:21]} 35. Qd8 {[%emt 0:05:29]} Be5 {[%emt 0:03:20]} 36. Qg5 {[%emt 0:00:11]} Bc3 {[%emt 0:02:36]} 37. Qd8 {[%emt 0:00:08]} Be5 {[%emt 0:41:06]} 1/2-1/2

[Event "V. Korchnoi Memorial 2019"]
[Site "St. Petersburg"]
[Date "2019.08.20"]
[Round "7.9"]
[White "Vorobiov, Evgeny E."]
[Black "Bykov, Oleg"]
[Result "1-0"]
[WhiteElo "2560"]
[BlackElo "2382"]
[Annotator "ChessBase"]
[PlyCount "125"]
[EventDate "2019.08.13"]
[EventType "swiss"]
[EventCountry "RUS"]
[SourceTitle "playchess.com"]
[Source "ChessBase"]
[SourceQuality "1"]
[TimeControl "5400+30"]

1. d4 {[%emt 0:00:00]} Nf6 {[%emt 0:01:03]} 2. c4 {[%emt 0:00:00]} e6 {[%emt 0:00:48]} 3. g3 {[%emt 0:00:05]} c5 {[%emt 0:00:24]} 4. d5 {[%emt 0:01:52]} exd5 {[%emt 0:00:08]} 5. cxd5 {[%emt 0:00:05]} d6 {[%emt 0:00:09]} 6. Nc3 {[%emt 0:00:21]} g6 {[%emt 0:00:41]} 7. Bg2 {[%emt 0:00:55]} Bg7 {[%emt 0:00:06]} 8. Nf3 {[%emt 0:00:04]} O-O {[%emt 0:00:09]} 9. O-O {[%emt 0:00:03]} Re8 {[%emt 0:04:27]} 10. Nd2 {[%emt 0:01:55]} a6 {[%emt 0:05:06]} 11. a4 {[%emt 0:00:24]} Nbd7 {[%emt 0:00:05]} 12. h3 {[%emt 0:05:12]} Rb8 {[%emt 0:00:46]} 13. Nc4 {[%emt 0:00:33]} Ne5 {[%emt 0:00:05]} 14. Na3 {[%emt 0:01:20]} Nh5 {[%emt 0:03:03]} 15. e4 {[%emt 0:10:04]} Bd7 {[%emt 0:02:09]} 16. a5 {[%emt 0:03:15]} Qxa5 {[%emt 0:00:27]} 17. g4 {[%emt 0:04:51]} Nf6 {[%emt 0:00:10]} 18. f4 {[%emt 0:01:15]} Nexg4 {[%emt 0:00:20]} 19. hxg4 {[%emt 0:00:17]} Nxg4 {[%emt 0:00:03]} 20. f5 {[%emt 0:04:52]} h5 {[%emt 0:01:04]} 21. Bg5 {[%emt 0:06:49]} Qb4 {[%emt 0:04:21]} 22. f6 {[%emt 0:07:13]} Bh8 {[%emt 0:02:53]} 23. Qd2 {[%emt 0:05:23]} Re5 {[%emt 0:14:30]} 24. Nc2 {[%emt 0:03:07]} Qb3 {[%emt 0:07:35]} 25. Bh4 {[%emt 0:02:13]} c4 {[%emt 0:04:54]} 26. Bh3 {[%emt 0:09:02]} Qb6+ {[%emt 0:32:10]} 27. Qd4 {[%emt 0:03:11]} Qxd4+ {[%emt 0:03:20]} 28. Nxd4 {[%emt 0:00:09]} Nxf6 {[%emt 0:00:28]} 29. Bxf6 {[%emt 0:06:52]} Bxh3 {[%emt 0:00:09]} 30. Bxe5 {[%emt 0:08:09]} Bxe5 {[%emt 0:01:46]} 31. Rfd1 {[%emt 0:00:21]} Bg4 {[%emt 0:00:08]} 32. Rd2 {[%emt 0:02:13]} Bf4 {[%emt 0:00:06]} 33. Rf2 {[%emt 0:00:13]} Be3 {[%emt 0:00:20]} 34. Nc2 {[%emt 0:00:04]} Bxf2+ {[%emt 0:03:41]} 35. Kxf2 {[%emt 0:00:02]} Bd7 {[%emt 0:01:42]} 36. Ke3 {[%emt 0:02:21]} f5 {[%emt 0:01:26]} 37. Nd4 {[%emt 0:06:41]} Rf8 {[%emt 0:02:56]} 38. exf5 {[%emt 0:02:32]} Bxf5 {[%emt 0:00:03]} 39. Nxf5 {[%emt 0:00:14]} Rxf5 {[%emt 0:00:03]} 40. Ne4 {[%emt 0:00:05]} Kf8 {[%emt 0:01:03]} 41. Kd4 {[%emt 0:00:21]} Ke7 {[%emt 0:00:56]} 42. Rg1 {[%emt 0:00:11]} g5 {[%emt 0:00:20]} 43. Nxg5 {[%emt 0:01:04]} h4 {[%emt 0:01:47]} 44. Rg4 {[%emt 0:02:43]} b5 {[%emt 0:01:04]} 45. Nh3 {[%emt 0:00:46]} Rf3 {[%emt 0:01:19]} 46. Rxh4 {[%emt 0:00:20]} Rd3+ {[%emt 0:01:24]} 47. Ke4 {[%emt 0:00:05]} Rd2 {[%emt 0:00:15]} 48. Rh7+ {[%emt 0:00:34]} Kd8 {[%emt 0:01:03]} 49. Kf5 {[%emt 0:03:14]} Rxd5+ {[%emt 0:00:15]} 50. Ke6 {[%emt 0:00:02]} Rd4 {[%emt 0:00:59]} 51. Ng5 {[%emt 0:00:16]} Rd2 {[%emt 0:00:22]} 52. Ne4 {[%emt 0:00:59]} Rxb2 {[%emt 0:00:17]} 53. Rd7+ {[%emt 0:00:42]} Kc8 {[%emt 0:00:05]} 54. Nxd6+ {[%emt 0:00:11]} Kb8 {[%emt 0:00:01]} 55. Kd5 {[%emt 0:00:12]} Rh2 {[%emt 0:01:35]} 56. Kc6 {[%emt 0:00:11]} Rh8 {[%emt 0:00:20]} 57. Kb6 {[%emt 0:00:42]} c3 {[%emt 0:00:42]} 58. Nf7 {[%emt 0:01:00]} Rc8 {[%emt 0:00:51]} 59. Ne5 {[%emt 0:00:34]} Rh8 {[%emt 0:01:08]} 60. Nf7 {[%emt 0:01:36]} c2 61. Rb7+ {[%emt 0:00:30]} Ka8 62. Rc7 Re8 {[%emt 0:01:30]} 63. Ne5 {[%emt 0:01:00]} 1-0